Correspondances des stations de métro de Paris - Statistiques

Statistiques générales
  • Ce quiz a été pris 140 fois
  • Le résultat moyen est 32 sur 60
Statistiques - réponses
Hint Réponse % Correct
1,4,7,11,14 Chatelet
94%
1,2,6,9 Nation
92%
1,5,8 Bastille
83%
3,5,8,9,11 République
83%
3,9,12,13,14 Saint Lazare
83%
1,2,6 Charles de Gaulle Etoile
80%
1,14 Gare de Lyon
78%
1,8,12 Concorde
72%
4,5,7 Gare de l'Est
72%
4,5 Gare du Nord
71%
4,6,12,13 Montparnasse Bienvenue
71%
1,11 Hôtel de Ville
70%
2,13 Place de Clichy
70%
2,11 Belleville
67%
3,7,8 Opéra
67%
1,13 Champs Elysées Clemenceau
64%
2,5,7bis Jaurès
64%
2,12 Pigalle
64%
4,8,9 Strasbourg Saint Denis
64%
2,5,7 Stalingrad
63%
2,4 Barbès Rochechouart
60%
3,4 Réaumur Sébastopol
58%
1,9 Franklin D Roosevelt
57%
5,10 Gare d'Austerlitz
57%
2,3 Villiers
57%
5,6,7 Place d'Italie
55%
2,3 Pèrelachaise
54%
4,6 Denfert Rochereau
53%
3,9 Havre Caumartin
53%
1,8 Reuilly Diderot
53%
3,3bis Gambetta
51%
8,12,14 Madeleine
51%
4,10 Odéon
51%
3bis,11 Porte des Lilas
51%
6,14 Bercy
49%
1,7 Palais Royal Musée du Louvre
49%
3,11 Arts et Métiers
47%
8,9 Bonne Nouvelle
47%
7,14 Pyramides
47%
9,13 Miromesnil
46%
4,6 Raspail
46%
8,9 Grands Boulevards
45%
7bis,11 Place des Fêtes
43%
10,13 Duroc
42%
6,12 Pasteur
42%
8,13 Invalides
41%
5,9 Oberkampf
41%
6,8,10 La Motte Picquet Grenelle
37%
6,8 Daumesnil
36%
7,10 Jussieu
36%
7,7bis Louis Blanc
36%
6,9 Trocadéro
36%
4,12 Marcadet Poissoniers
34%
9,10 Michel Ange Auteuil
33%
9,10 Michel Ange Molitor
33%
8,9 Richelieu Drouot
33%
7,9 Chaussée d'Antin La Fayette
29%
13,14 Mairie de Saint Ouen
28%
13,14 Porte de Clichy
27%
9,14 Saint Augustin
22%
Aucun quiz correspondant
Distribution des résultats
% des personnes avec chaque résultat
Percentile par nombre de réponses
Votre historique - résultats
Vous n’avez pas pris ce quiz